000 00555nam a2200181 i 4500
001 86773
003 ES-MaACL
005 20230906175525.0
007 t|
008 041215s1929 sp ||||1| spa d
100 1 _aKleinwaechter, Friedrich von.
_968236
245 1 0 _aEconomía política /
_cpor Federico Kleinwèachter ; traducción de la 4ª edición alemana por Gabriel Franco.
250 _a2ª ed.
260 _aBarcelona :
_bGustavo Gili,
_c1929.
300 _a484 p. ;
_c23 cm.
700 1 _aFranco, Gabriel.
_952223
852 _aES-MaACL
_jA-578
999 _c86773
_d86773